ბათუმის შოთა რუსთაველის სახელმწიფო უნივერსიტეტის ბიბლიოთეკა

ქართული მართლწერა (ბიბ.ჩანაწერი № 53258)

000 -LEADER
fixed length control field 00885nam a2200253Ia 4500
001 - CONTROL NUMBER
control field 20299
003 - CONTROL NUMBER IDENTIFIER
control field GE_BSU
008 - FIXED-LENGTH DATA ELEMENTS--GENERAL INFORMATION
fixed length control field 181216s||||||||xx |||||||||||||| ||und||
040 ## - CATALOGING SOURCE
Transcribing agency GE_BSU
080 ## - UNIVERSAL DECIMAL CLASSIFICATION NUMBER
Universal Decimal Classification number 811.353.1'35
100 ## - MAIN ENTRY--PERSONAL NAME
Personal name შალამბერიძე, გიორგი
245 ## - TITLE STATEMENT
Title ქართული მართლწერა
245 ## - TITLE STATEMENT
Remainder of title საშუალო სკოლის მოსწავლეთათვის
245 ## - TITLE STATEMENT
Statement of responsibility, etc. რედ: ივ. გიგინეიშვილი
250 ## - EDITION STATEMENT
Edition statement მეორე გადამუშ.გამოცემა.
260 ## - PUBLICATION, DISTRIBUTION, ETC.
Place of publication, distribution, etc. თბილისი
260 ## - PUBLICATION, DISTRIBUTION, ETC.
Name of publisher, distributor, etc. ცოდნა
260 ## - PUBLICATION, DISTRIBUTION, ETC.
Date of publication, distribution, etc. 1961
300 ## - PHYSICAL DESCRIPTION
Extent 232გვ.22სმ.
653 ## - INDEX TERM--UNCONTROLLED
Uncontrolled term ქართული ენა
653 ## - INDEX TERM--UNCONTROLLED
Uncontrolled term ქართული ენის მართლწერა;
942 ## - ADDED ENTRY ELEMENTS (KOHA)
Koha item type წიგნი
ეგზემპლარები
Withdrawn status Lost status Damaged status Not for loan Date acquired Barcode Date last seen Price effective from Koha item type
        2018-12-17 53044 2018-12-17 2018-12-17 წიგნი